Diccionario de geografía / (Record no. 56294)

MARC details
000 -LEADER
campo de control de longitud fija 00821nam a2200265 i 4500
001 - NÚMERO DE CONTROL
campo de control 56294
003 - IDENTIFICADOR DE NÚMERO DE CONTROL
campo de control ES-MaACL
005 - FECHA Y HORA DE LA ÚLTIMA TRANSACCIÓN
campo de control 20230906163326.0
007 - CAMPO FIJO DE DESCRIPCIÓN FÍSICA--INFORMACIÓN GENERAL
campo de control de longitud fija t|
008 - DATOS DE LONGITUD FIJA--INFORMACIÓN GENERAL
campo de control de longitud fija 031007s1986 sp a d 00110 spa d
020 ## - NÚMERO INTERNACIONAL ESTÁNDAR DEL LIBRO
Número Internacional Estándar del Libro 84-7525-381-4
080 ## - NÚMERO DE LA CLASIFICACIÓN DECIMAL UNIVERSAL
Número de la Clasificación Decimal Universal 910.1(038)
245 00 - MENCIÓN DEL TÍTULO
Título Diccionario de geografía /
Mención de responsabilidad, etc. redactado por Rafael Puyol Antolín ... [et al.] ; [prólogo de J. Vila Valentí].
250 ## - MENCION DE EDICION
Mención de edición 1ª ed.
260 ## - PUBLICACIÓN, DISTRIBUCIÓN, ETC.
Lugar de publicación, distribución, etc. Madrid :
Nombre del editor, distribuidor, etc. Anaya,
Fecha de publicación, distribución, etc. 1986.
300 ## - DESCRIPCIÓN FÍSICA
Extensión XIV, 478 p. :
Otras características físicas il. ;
Dimensiones 21 cm.
490 1# - MENCIÓN DE SERIE
Mención de serie Diccionarios monográficos
500 ## - NOTA GENERAL
Nota general Apéndices, p. 405-478.
650 #4 - PUNTO DE ACCESO ADICIONAL DE MATERIA--TÉRMINO DE MATERIA
Término de materia o nombre geográfico como elemento de entrada Geografía-
Subdivisión de forma Diccionarios.
9 (RLIN) 13071
700 1# - ENTRADA AGREGADA--NOMBRE PERSONAL
Nombre de persona Puyol, Rafael.
9 (RLIN) 94451
700 1# - ENTRADA AGREGADA--NOMBRE PERSONAL
Nombre de persona Vilá Valentí, Juan.
9 (RLIN) 114743
830 1# - PUNTO DE ACCESO ADICIONAL DE SERIE-TÍTULO UNIFORME
Título uniforme Diccionarios monográficos
9 (RLIN) 182579
852 4# - LOCALIZACIÓN
Ubicación ES-MaACL
Número de control de estantería L-11903
Holdings
Estatus retirado Estado de pérdida Estado de daño No para préstamo Colección Biblioteca de origen Biblioteca actual Ubicación en estantería Fecha de adquisición Fuente de adquisición Total de préstamos Signatura topográfica completa Código de barras Visto por última vez Precio de reemplazo Tipo de ítem Koha
        Colección de referencia Biblioteca del Ateneo de Madrid Biblioteca del Ateneo de Madrid Depósito 2 17/01/2008     L-11903 1059128 23/02/2023 23/02/2023 Libro impreso